000 00362nam a2200133Ia 4500
008 220217s9999||||xx |||||||||||||| ||und||
020 _a9788126539918
082 _a627.5 LAM
100 _aLambe, William, T and Whitman, Robert, V
245 0 _aSoil mechanics
260 _aWiley india
_bNew Delhi
_c2018
300 _aX, 549p.
_b1295
650 _aMechanics
999 _c189280
_d189280